| 000 | 00897nam a2200229Ii 4500 | ||
|---|---|---|---|
| 003 | JO-AjNU | ||
| 008 | 230605s9999||||xx |||||||||||||| ||und|| | ||
| 017 | _a2000/1840 | ||
| 020 | _a977-270-585-4 | ||
| 040 |
_aJO-AjNU _bara _erda _cJO-AjNU |
||
| 041 | _aara | ||
| 050 | 1 | 4 | _aG155 2000 |
| 100 | 3 |
_aإعداد عياد، علية عزت، إعداد ماجدة عبد المنعم حسني, _eauthor _951095 |
|
| 245 | 0 | 0 | _aالألمانية في الفندقة والسياحة = Deutsch in Hotelwesen & tourismus |
| 250 | _aط1 | ||
| 264 | 3 | 1 | _aالقاهرة: الدار المصرية اللبنانية، 2000 |
| 300 |
_a239ص _bيشتمل على جداول وصور توضيحية |
||
| 336 |
_atext _btxt _2rdacontent |
||
| 337 |
_aunmediated _bn _2rdamedia |
||
| 338 |
_avolume _bnc _2rdacarrier |
||
| 650 | 4 |
_aالفنادق - السياحة - تعليم الالمانية _951096 |
|
| 999 |
_aA22548 _c26116 _d26116 |
||